000 00276 a2200133 4500
000 nam a22 7a 4500
100 _aSingh
110 _aSingh
245 _aAgnipath Yojana
250 _alatest edition
260 _bnisha
_c2024
264 _bnisha
_c2024
942 _cBK
999 _c395493
_d395493